Vanadalli Pandavaru (Record no. 1291)

MARC details
000 -LEADER
fixed length control field 00267nam a22001097a 4500
008 - FIXED-LENGTH DATA ELEMENTS--GENERAL INFORMATION
fixed length control field 260424b |||||||| |||| 00| 0 eng d
082 ## - DEWEY DECIMAL CLASSIFICATION NUMBER
Classification number 001051
100 ## - MAIN ENTRY--PERSONAL NAME
Personal name Narayanachar, K S
245 ## - TITLE STATEMENT
Title Vanadalli Pandavaru
260 ## - PUBLICATION, DISTRIBUTION, ETC.
Place of publication, distribution, etc. Hubli
Name of publisher, distributor, etc. Sahitya Prakashana
Date of publication, distribution, etc. 2014
942 ## - ADDED ENTRY ELEMENTS (KOHA)
Source of classification or shelving scheme Dewey Decimal Classification
Holdings
Withdrawn status Lost status Source of classification or shelving scheme Damaged status Not for loan Home library Current library Shelving location Date acquired Source of acquisition Inventory number Total Checkouts Full call number Barcode Date last seen Price effective from Koha item type
    Dewey Decimal Classification     Karnataka Samskrit University Library Karnataka Samskrit University Library General Stacks 04/24/2026 Sahitya Prakashana 2206   001051 001051 04/24/2026 04/24/2026 Books

Powered by Koha